Los grillo, mártires de la independencia en 1816 : (Registro nro. 7309)

Detalles MARC
000 -LEADER
fixed length control field 01650nam a22002657a 4500
003 - CONTROL NUMBER IDENTIFIER
control field OSt
005 - DATE AND TIME OF LATEST TRANSACTION
control field 20210224111302.0
008 - FIXED-LENGTH DATA ELEMENTS--GENERAL INFORMATION
fixed length control field 210224s2017 ck ||||gr|||| 00| 0 spa d
020 ## - INTERNATIONAL STANDARD BOOK NUMBER
International Standard Book Number 9789584804006
020 ## - INTERNATIONAL STANDARD BOOK NUMBER
International Standard Book Number 9584252461
040 ## - CATALOGING SOURCE
Original cataloging agency CO-JMCR
Transcribing agency CO-JMCR
041 0# - LANGUAGE CODE
Language code of text/sound track or separate title spa
082 04 - DEWEY DECIMAL CLASSIFICATION NUMBER
Classification number 986.103 /
Item number V152g
Edition number 23
100 1# - MAIN ENTRY--PERSONAL NAME
Personal name Valencia Santana, Luis Guillermo,
Relator term autor
9 (RLIN) 13852
245 14 - TITLE STATEMENT
Title Los grillo, mártires de la independencia en 1816 :
Remainder of title Fusilados en Facatativá el 31 de agosto de 1816 /
Statement of responsibility, etc. Luis Guillermo Valencia Santana
250 ## - EDITION STATEMENT
Edition statement Segunda edición
260 ## - PUBLICATION, DISTRIBUTION, ETC.
Place of publication, distribution, etc. [Bogotá] :
Name of publisher, distributor, etc. L. G. Grillo Olarte,
Date of publication, distribution, etc. 2017
300 ## - PHYSICAL DESCRIPTION
Extent 107 páginas ;
Dimensions 23 cm.
500 ## - GENERAL NOTE
General note Datos biográficos del autor en solapa frontal
505 0# - FORMATTED CONTENTS NOTE
Formatted contents note Los mártires de Facatativá -- Mariano Grillo -- El origen de los Grillo en América -- Algunos descendientes -- El testamento - Mariano y Joaquín Grillo -- La época -- El 20 de Julio de 1810 -- Firma de acta de independencia -- Morillo llega a América -- El martirologio -- El consejo de la purificación La cárcel del Rosario -- Relatos de un día trágico en Facatativá -- El Centenario -- La celebración del Centenario de la independencia 1910 -- Monumento a los mártires
520 0# - SUMMARY, ETC.
Summary, etc. Mariano y Joaquín Grillo, padre e hijo respectivamente, fueron fusilados el 31 de agosto de 1816 en la plaza de Facatativá. Los condenaron por participar de la lucha de la independentista contra la administración política de la Corona española en el Virreinato de la Nueva Granada.
650 24 - SUBJECT ADDED ENTRY--TOPICAL TERM
Topical term or geographic name entry element Historia Facatativá
Geographic subdivision Colombia
9 (RLIN) 13853
650 24 - SUBJECT ADDED ENTRY--TOPICAL TERM
Topical term or geographic name entry element Fusilamiento
Geographic subdivision Colombia
9 (RLIN) 13854
942 ## - ADDED ENTRY ELEMENTS (KOHA)
Source of classification or shelving scheme Dewey Decimal Classification
Koha item type Books

No hay ítems disponibles.